| 000 | 00553nam a2200193Ia 4500 | ||
|---|---|---|---|
| 005 | 20250822170844.0 | ||
| 008 | 250822s9999||||xx |||||||||||||| ||und|| | ||
| 100 | _aHernández Sandoica, Elena | ||
| 245 | 0 | _aLa historia de Cuba vista desde España: estudios sobre "política", "raza" y "sociedad" | |
| 300 | _ap. 7-24 | ||
| 650 | _aDISCRIMINACION RACIAL | ||
| 650 | _aHISTORIA | ||
| 650 | _aHISTORIOGRAFIA | ||
| 650 | _aPOLITICA | ||
| 650 | _aSOCIEDAD | ||
| 651 | _aCUBA | ||
| 773 | _aRevista de Indias Vol. 58 No. 212 (1998) | ||
| 942 | _tMJCh | ||
| 999 |
_c12181 _d12181 |
||